Religion Quiz

Random Religion or City Quiz

Cities by Famous Church Quiz Stats

 Plays Quiz Updated Feb 8, 2016

Also try: Saint or Ain't?
Challenge
Share
Tweet
Score 0/16 Timer 06:00
2 Plays Today
% Correct
Paris
97.6%
Rome
93.5%
Moscow
89%
London
81.5%
Istanbul
76.4%
Barcelona
73%
Florence
72.6%
Jerusalem
70.3%
% Correct
Rio de Janeiro
65.1%
Venice
62.4%
Reykjavík
45.8%
Cologne
37%
Copenhagen
29.7%
Prague
28%
Brasília
23.2%
Helsinki
22.4%

You're not logged in!

Compare scores with friends on all Sporcle quizzes.
Join for Free
OR
Log In

You Might Also Like...

Show Comments

Extras

Top Quizzes Today


Score Distribution

Your Account Isn't Verified!

In order to create a playlist on Sporcle, you need to verify the email address you used during registration. Go to your Sporcle Settings to finish the process.

Report this User

Report this user for behavior that violates our Community Guidelines.

Details: